000 00876nam a22002055i 4500
001 178629
003 ES-MaACL
005 20230906220556.0
008 110609s1970 sp |||| | spa d
080 _a615.21
100 1 _aEgozcue Cuixart, José.
_946738
245 1 0 _aAnomalías celulares y cromosómicas "in vivo" e "in vitro" producidas por drogas alucinógenas /
_cresumen de la tesis presentada para aspirar al grado de doctor en medicina por José Egozcue Cuixart.
260 _aBarcelona :
_bUniversidad de Barcelona, Secretariado de Publicaciones, Intercambio Científico y Extensión Universitaria :
_bIvern,
_c1970.
300 _a11 p. ;
_c24 cm.
500 _aCub. tomada como port.
504 _aBibliografía : p. 10-11.
650 4 _aAlucinógenos.
_99746
710 2 _aUniversidad de Barcelona.
_97141
852 _aES-MaACL
_jE-15361 (35)
_xOlim P-1374
999 _c178629
_d178629